书目信息 |
| 题名: |
蒙台梭利的早教秘密
|
|
| 作者: | 蒙台梭利 著 ;陈明 编译 | |
| 分册: | ||
| 出版信息: | 哈尔滨 黑龙江科学技术出版社 2015.8 |
|
| 页数: | 208页 | |
| 开本: | 24cm | |
| 丛书名: | ||
| 单 册: | ||
| 中图分类: | G61 | |
| 科图分类: | ||
| 主题词: | 早期教育 | |
| 电子资源: | ||
| ISBN: | 978-7-5388-8354-1 | |
| 000 | 00931nam0 2200253 45 | |
| 001 | 012001001137 | |
| 005 | 20140820145011.0 | |
| 010 | @a978-7-5388-8354-1@d28.80 | |
| 099 | @aCAL 012016058220 | |
| 100 | @a20151210d2015 em y0chiy0110 ea | |
| 101 | 1 | @achi@cita |
| 102 | @aCN@b230000 | |
| 105 | @ay z 000yy | |
| 106 | @ar | |
| 200 | 1 | @a蒙台梭利的早教秘密@Ameng tai suo li de zao jiao mi mi@e经典珍藏版@f(意)蒙台梭利著@g陈明编译 |
| 210 | @a哈尔滨@c黑龙江科学技术出版社@d2015.8 | |
| 215 | @a208页@d24cm | |
| 330 | @a本书精选蒙台梭利极具影响力和操作性的教育思想和方法,是父母们的经典早教读本。内容包括:孩子的出生、童年的秘密、孩子各种能力的培养、如何爱护你的孩子、如何真正尊重孩子等。 | |
| 606 | 0 | @a早期教育 |
| 690 | @aG61@v5 | |
| 701 | 0 | @c(意)@a蒙台梭利@c(女,Montessori, Maria@f1870~1952)@4著@Ameng tai suo li |
| 702 | 0 | @a陈明@Achen ming@4编译 |
| 801 | @aCN@bAHXH@c20210922 | |
| 905 | @b1247820-3@dG61@e1799@f4 | |
| 蒙台梭利的早教秘密:经典珍藏版/(意)蒙台梭利著/陈明编译.-哈尔滨:黑龙江科学技术出版社,2015.8 |
| 208页;24cm |
| ISBN 978-7-5388-8354-1:28.80 |
| 本书精选蒙台梭利极具影响力和操作性的教育思想和方法,是父母们的经典早教读本。内容包括:孩子的出生、童年的秘密、孩子各种能力的培养、如何爱护你的孩子、如何真正尊重孩子等。 |
| ● |
| 相关链接 |
|
|
|
|
正题名:蒙台梭利的早教秘密
索取号:G61/1799
 
预约/预借
| 序号 | 登录号 | 条形码 | 馆藏地/架位号 | 状态 | 备注 |
| 1 | 1247820 | 212478200 | 第一样本阅览室/ [索取号:G61/1799] | 在馆 | |
| 2 | 1247821 | 212478219 | 第四借阅区/ [索取号:G61/1799] | 在馆 | |
| 3 | 1247822 | 212478228 | 第四借阅区/ [索取号:G61/1799] | 在馆 | |
| 4 | 1247823 | 212478237 | 第四借阅区/ [索取号:G61/1799] | 在馆 |